000 00467nam a2200181Ia 4500
003 GCL
008 140319s9999 xx 000 0 ara d
040 _aGCL /
_cGCL
082 0 4 _a823.03
_bا س
100 1 _aابسن، هنريك
245 1 0 _aسيد البنائين /
_cابسن، هنريك
700 1 _aهنرى
300 _a154
490 _aالالف كتاب
_v0
650 0 4 _aالادب الانجليزى
650 0 4 _aالقصص
942 _2ddc
_cBK
999 _c43706
_d43706